Statistics for All Psychic Type Moves

Click here to take the quiz!

General Stats

  • This quiz has been taken 52 times
  • The average score is 30 of 63

Answer Stats

CatagoryAnswer% Correct
SpecialPsychic
100%
SpecialPsybeam
89%
PhysicalPsycho Cut
84%
SpecialPsywave
84%
StatusCalm Mind
82%
SpecialConfusion
82%
StatusHypnosis
76%
StatusLight Screen
76%
StatusReflect
73%
StatusTeleport
73%
SpecialPsyshock
71%
StatusTrick
71%
SpecialDream Eater
69%
StatusTrick Room
64%
StatusKinesis
62%
SpecialPsycho Boost
62%
SpecialPsystrike
62%
PhysicalZen Headbutt
60%
StatusAgility
58%
SpecialFuture Sight
58%
PhysicalPsychic Fangs
58%
StatusPsychic Terrain
56%
StatusRest
56%
SpecialMirror Coat
53%
SpecialExtrasensory
51%
StatusMeditate
51%
StatusTelekinesis
51%
StatusAmnesia
49%
StatusMagic Room
49%
StatusWonder Room
49%
StatusCosmic Power
44%
StatusBarrier
42%
SpecialLuster Purge
42%
StatusSkill Swap
42%
StatusAlly Switch
40%
StatusPower Swap
40%
StatusPower Split
38%
StatusPsycho Shift
38%
Z-MoveShattered Psyche
38%
StatusGuard Split
36%
StatusGuard Swap
36%
Z-MoveLight That Burns The Sky
36%
StatusMagic Coat
36%
SpecialStored Power
36%
StatusImprison
33%
SpecialMist Ball
33%
SpecialSynchronoise
33%
Z-MoveGenesis Supernova
31%
StatusHealing Wish
31%
StatusMiracle Eye
31%
SpecialPrismatic Laser
31%
StatusHeal Pulse
29%
PhysicalHeart Stamp
29%
StatusLunar Dance
29%
SpecialPhoton Geyser
29%
StatusGravity
27%
StatusPower Trick
27%
StatusRole Play
24%
StatusHeal Block
22%
StatusHeart Swap
22%
StatusSpeed Swap
22%
SpecialHyperspace Hole
20%
StatusInstruct
20%

Score Distribution

Percentile by Number Answered

Percent of People with Each Score

Your Score History

You have not taken this quiz